Contribución al estudio ecológico y florístico de los bosques relictuales secundarios en el Jardín Botánico "El Bosque", Silvania, Cundinamarca, Colombia (Registro nro. 15113)

Detalles MARC
000 -CABECERA
Campo de control 004170000a22001090004500
090 ## - CLASIFICACIÓN LOCAL
Colección AS
Consecutivo Seriadas
041 0# - IDIOMA
Código de idioma para texto/pista de sonido o título separado
100 1# - ASIENTO PRINCIPAL--NOMBRE PERSONAL
Nombre personal Barrera Torres, Eduardo
245 10 - MENCION DE TITULO
Título Contribución al estudio ecológico y florístico de los bosques relictuales secundarios en el Jardín Botánico "El Bosque", Silvania, Cundinamarca, Colombia
773 1# - Item fuente:
Título Perez Arbelaezia
Especificación de materiales 317
Descripción física 6-7
Paginas del Articulo 109-133
Lugar, editorial y fecha de publicación 1988
Información sobre la relación 2
942 ## - ELEMENTOS ADICIONALES (KOHA)
Tipo de ítem Artículo

No hay ítems disponibles.